MARC details
| 000 -CABECERA |
| campo de control de longitud fija |
02317cam a2200313 a 4500 |
| 001 - NÚMERO DE CONTROL |
| campo de control |
000018423 |
| 005 - FECHA Y HORA DE LA ÚLTIMA TRANSACCIÓN |
| campo de control |
20200929165514.0 |
| 008 - DATOS DE LONGITUD FIJA--INFORMACIÓN GENERAL |
| campo de control de longitud fija |
780322s1970 sp 000 p spa d |
| 035 ## - NÚMERO DE CONTROL DEL SISTEMA |
| Número de control de sistema |
(OCoLC)ocm03740698 |
| 040 ## - FUENTE DE LA CATALOGACIÓN |
| Centro catalogador/agencia de origen |
DO-SdBNP |
| Centro/agencia transcriptor |
KKU |
| Centro/agencia modificador |
EL |
| -- |
dDLC |
| Centro/agencia modificador |
BNPHU |
| 042 ## - CÓDIGO DE AUTENTICACIÓN |
| Código de autenticación |
lccopycat |
| 082 ## - NÚMERO DE LA CLASIFICACIÓN DECIMAL DEWEY |
| Número de clasificación |
861.5 |
| Número de documento/Ítem |
C289a |
| 049 ## - FONDOS LOCALES (OCLC) |
| Fondos de biblioteca |
BNGR |
| 100 1# - ENTRADA PRINCIPAL--NOMBRE DE PERSONA |
| Nombre de persona |
Carnero, Guillermo, |
| Fechas asociadas al nombre |
1947- |
| 9 (RLIN) |
9762 |
| 245 10 - MENCIÓN DE TÍTULO |
| Título |
Antología de los poetas prerrománticos españoles / |
| Mención de responsabilidad, etc. |
Carnero Guillermo. |
| 246 14 - FORMA VARIANTE DE TÍTULO |
| Título propio/Titulo breve |
Antología de la poesía prerromántica española |
| 260 ## - PUBLICACIÓN, DISTRIBUCIÓN, ETC. |
| Lugar de publicación, distribución, etc. |
Barcelona : |
| Nombre del editor, distribuidor, etc. |
Barral Editores, |
| Fecha de publicación, distribución, etc. |
1970. |
| 300 ## - DESCRIPCIÓN FÍSICA |
| Extensión |
275 p. ; |
| Dimensiones |
19 cm. |
| 490 1# - MENCIÓN DE SERIE |
| Mención de serie |
Libros de enlace ; |
| -- |
poesía |
| Designación de volumen o secuencia |
10 |
| 504 ## - NOTA DE BIBLIOGRAFÍA, ETC. |
| Nota de bibliografía, etc. |
Bibliografías: p. 17. |
| 505 0# - NOTA DE CONTENIDO CON FORMATO |
| Nota de contenido con formato |
Benito Jerónimo Feijóo y Montenegro -- Diego de Torres y Villarroel -- Alfonso Verdugo y Castilla -- Fray Diego Tadeo González -- Vicente García de la Huerta -- Nicolás Fernández de Moratín -- José Cadalso -- María Gertrudis de Hore -- Gaspar Melchor de Jovellanos y Ramírez -- Francisco Gregorio de Salas -- Antonio Francisco de Castro -- José Iglesias de la Casa -- José María Vaca de Guzmán y Manrique -- Cristóbal de Beña -- Vicente Rodríguez de Arellano -- José Mor de Fuentes -- Juan Meléndez Valdés -- Juan Bautista Pablo Forner -- Leandro Fernández de Moratín -- Gaspar María de Nava Alvarez de Noroña -- Nicasio Alvarez de Cienfuegos -- Francisco Sánchez Barbero -- José Marchena -- María Rosa Gálvez de Cabrera -- |
| 505 0# - NOTA DE CONTENIDO CON FORMATO |
| Nota de contenido con formato |
Juan Bautista Arriaza y Superviela -- Francisco de Paula Castro -- Manuel María de Arjona -- Juan María Maury -- Félix José Reinoso -- Manuel José Quintana -- Dionisio Villanueva y Ochoa -- Alberto Lista y Aragón -- José Vicente Alonso -- José María Blanco y Crespo -- Manuel María del Mármol -- Bartolomé José Gallardo -- Eugenio de Tapia -- Juan Nicasio Gallego -- José Somoza -- Bernardino Fernández de Velasco -- José Joaquín de Mora -- Estanislao de Cosca Vayo y Lamarca -- Manuel de Cabanyes. |
| 650 #4 - PUNTO DE ACCESO ADICIONAL DE MATERIA--TÉRMINO DE MATERIA |
| Término de materia o nombre geográfico como elemento de entrada |
Poesía española |
| Subdivisión cronológica |
SIGLO XVIII |
| 9 (RLIN) |
15870 |
| 650 #4 - PUNTO DE ACCESO ADICIONAL DE MATERIA--TÉRMINO DE MATERIA |
| Término de materia o nombre geográfico como elemento de entrada |
Poesía española |
| Subdivisión cronológica |
SIGLO XIX |
| 9 (RLIN) |
9196 |
| 650 #4 - PUNTO DE ACCESO ADICIONAL DE MATERIA--TÉRMINO DE MATERIA |
| Término de materia o nombre geográfico como elemento de entrada |
Literatura española |
| Subdivisión cronológica |
SIGLO XVIII |
| 9 (RLIN) |
13698 |
| 650 #4 - PUNTO DE ACCESO ADICIONAL DE MATERIA--TÉRMINO DE MATERIA |
| Término de materia o nombre geográfico como elemento de entrada |
Literatura española |
| Subdivisión cronológica |
SIGLO XIX |
| 9 (RLIN) |
3067 |
| 830 #0 - PUNTO DE ACCESO ADICIONAL DE SERIE-TÍTULO UNIFORME |
| Título uniforme |
Libros de enlace ; |
| Nombre de parte o sección de la obra |
poesía : |
| Designación de volumen o secuencia |
10: |
| 9 (RLIN) |
39886 |
| 910 ## - DATOS DE OPCIÓN DEL USUARIO (OCLC) |
| Datos de opción del usuario |
Catalogación por derivada / LC |